000 00707nam a2200217 4500
001 121954
003 ES-MaACL
005 20250916063050.0
007 t|
008 070214s1923 sp r ||||1| spa d
100 1 _aPosada, Adolfo,
_d1860-1944
_993316
245 1 0 _aTratado de Derecho Administrativo /
_cAdolfo Posada.
250 _a2ª. ed. rev.
260 _aMadrid :
_b[s.n.],
_c1923 (
_fSobrinos de la Suc. de M. Minuesa de los Ríos)
300 _aXXII, 429 p. ;
_c20 cm.
490 1 _aBiblioteca de derecho y ciencias sociales
500 _aEs el tomo I.
830 0 0 _aBiblioteca de derecho y de ciencias sociales
_9182270
852 _aES-MaACL
_jB-13683
999 _c121954
_d121954